| 000 | 00734nam a2200181 a 4500 | ||
|---|---|---|---|
| 001 | 000027422 | ||
| 005 | 20200930030825.0 | ||
| 008 | 110331s1991 dr c 000 0 spa d | ||
| 040 |
_aDO-SdBNP _bspa _cBNPHU |
||
| 082 |
_axxxx _bM626a |
||
| 111 | 2 |
_aCongreso Internacional de Programas de Microempresas _n(2do.: _d1991, ene. 17-19: _cSanto Domingo) _954490 |
|
| 245 | 1 | 3 |
_aLa microempresa alternativa de desarrollo / _cpresentación Carlos Pimentel, introducción Yesid Barrera Santos. |
| 246 | _aSegundo Congreso Internacional de Programas de Microempresas | ||
| 260 |
_aSanto Domingo : _bCENAPEC, _c1991. |
||
| 300 |
_a84 p. : _bretrs. ; _c27 cm. |
||
| 700 | 1 |
_aPimentel, Carlos _954491 |
|
| 700 | 1 |
_aBarrera Santos, Yesid, _eintrod. _954492 |
|
| 999 |
_c26914 _d26914 |
||